Výsledky projektu o spolupráci vysokých škol s podniky
Výsledky projektu "Analýza spolupráce vysokých škôl s výrobnými a servisnými podnikmi". Cieľom projektu bolo zistiť súčasný stav vzájomnej komunikácie medzi podnikmi a vysokým školstvom a načrtnúť jej ďalší možný vývoj. Použité metódy a postupy. Závery empirického výskumu.
Salvato in:
| Autore principale: | |
|---|---|
| Natura: | Capitolo di libro |
| Lingua: | ceco |
| Soggetti: | |
| Tags: |
Nessun Tag, puoi essere il primo ad aggiungerne!!
|
MARC
| LEADER | 00000naa$a2200000$$$4500 | ||
|---|---|---|---|
| 001 | 0037766 | ||
| 005 | 20230919104320.7 | ||
| 041 | 0 | |a cze | |
| 044 | |a CZ | ||
| 245 | 1 | 0 | |a Výsledky projektu o spolupráci vysokých škol s podniky |c Jana Šturzová |
| 520 | |a Výsledky projektu "Analýza spolupráce vysokých škôl s výrobnými a servisnými podnikmi". Cieľom projektu bolo zistiť súčasný stav vzájomnej komunikácie medzi podnikmi a vysokým školstvom a načrtnúť jej ďalší možný vývoj. Použité metódy a postupy. Závery empirického výskumu. | ||
| 610 | 2 | 0 | |a školy vysoké |
| 610 | 2 | 0 | |a podnik výrobný |
| 610 | 2 | 0 | |a podnik služieb |
| 610 | 2 | 0 | |a spolupráca podnikov |
| 610 | 2 | 0 | |a spolupráca vedeckotechnická |
| 610 | 2 | 0 | |a projekty |
| 610 | 2 | 0 | |a výskum |
| 610 | 2 | 0 | |a štúdie |
| 610 | 2 | 0 | |a dotazníky |
| 100 | 1 | |a Šturzová, Jana | |